00385nam a2200157Ia 450000500170000000800410001702000150005808200130007324500220008626000450010830000170015365000110017065000130018165000130019470000200020720240718032006.0240331s9999 xx 000 0 und d a0195628349 a200bREL 0aReligion in India aNew DelhibOxford University pressc1991 axv, 448 p ., aSocial aCultural aReligion aMadan, N.Teedt